000
00265nam a22001097a 4500
008
170125b xxu||||| |||| 00| 0 eng d
020
_a
9780071373777
041
_a
eng
080
_2
15TH
_a
61
245
_a
HARRISON'S MANUAL OF MEDICINE
_c
BRAUNWALD, E
942
_2
udc
_c
BK
999
_c
3690
_d
3690